000 00528nam a2200169 4500
008 160322b xxu||||| |||| 00| 0 eng d
020 _a1574630763
040 _aKABU
_cKABU
050 _aMT 85
_b.B 66
100 _aBoonshaft,Loel,Peter
245 _aTeaching Music with purpose
_bconducting, rehearsing and inspiring
250 _a1st
260 _aGaleville
_bNeredith Music Publications
_c2006
300 _axii,243p.
650 _aMusic
_xInstruction &study
942 _2lcc
_cBK
_e1st
_hMT.B66 2006 C.1
999 _c15898
_d15898